000 00593nam a22001817a 4500
999 _c175044
_d175044
005 20200805142422.0
010 _aENG-128311
020 _c545.00
_a9789352837335
035 _aEN-111843
037 _bDBAD/PUB
082 _a330.01
100 _aAhuja,H L
245 _aAdvaced Economic Theory/
_cby H L Ahuja
_bMicroeconomic Analysis:
260 _aNew Delhi
_bS.Chand
_c2019
270 _aHead Office:7361,Ram Nagar,Qutab Rord
_bNew Delhi
_e110055
_k23672080
_l91-11-23677446
_minfo@schandpublishing.com
300 _axx;1347p.
_c24cm(pbk)
942 _2ddc
_cEN
_h330.01
_mAHU